00394aam a2200133 450000500170000000800410001704100080005808200180006624501080008426000200019230000180021265000190023065000110024920170126144349.0150420b xxu||||| |||| 00| 0 spa d aspa a005.756 M619m aMicrosoft Access: Sistema de administración de Bases de Datos relacionados para Windows versión 2.0 bMicrosoftc1994 a159 páginas aBASES DE DATOS aACCESS